000 00653nam a2200205Ia 4500
003 GCL
008 140319s9999 xx 000 0 ara d
040 _aGCL /
_cGCL
082 0 4 _a366.1
_bا ط
100 1 _aابواسلام احمد عبدالله
245 1 0 _aالطابور الخامس : الماسونية الجديدة فى الشرق الاسلامى /
_cابواسلام احمد عبدالله
260 _a[S.N] :
_bبيت الحكمة ،
_c1992
300 _a516 ص
490 _a
650 0 4 _aالعالم العربى
650 0 4 _aالماسونية
650 0 4 _aاليهود
650 0 4 _aالنوادى
942 _2ddc
_cBK
999 _c34447
_d34447